| 000 | 00535nam a2200229Ia 4500 | ||
|---|---|---|---|
| 005 | 20250425162551.0 | ||
| 008 | 250425s9999 xx 000 0 und d | ||
| 020 | _a9780194233958 | ||
| 041 | _aeng | ||
| 082 | _a428.6 | ||
| 100 | _aMCINTOSH, MARY | ||
| 245 | 0 | _aDISASTER! | |
| 250 | _a1ST ED. | ||
| 260 | _aOXFORD | ||
| 260 |
_aReino Unido _bOXFORD UNIVERSITY PRESS _c2008 |
||
| 300 | _a88 | ||
| 650 | _aDESASTRES | ||
| 650 | _aINGLES-LIBROS DE LECTURA | ||
| 650 | _aLECTORES (ADULTO) | ||
| 942 | _c01 | ||
| 010 | _a86018 | ||
| 999 |
_c231878 _d231878 |
||